[Event "Ruhrgebiet Verbandsbezirksliga Gr 1"]
[Site "Ruhrgebiet"]
[Date "2019.01.27"]
[Round "5.3"]
[White "Volkermann, Thomas"]
[Black "Rosentreter, Burkhard"]
[Result "1/2-1/2"]
[WhiteElo "1595"]
[BlackElo "1717"]
[PlyCount "81"]
[EventDate "2018.09.30"]
[EventType "team-tourn"]
[EventRounds "9"]
[EventCountry "GER"]
[SourceTitle "EXT 2022"]
[Source "ChessBase"]
[SourceDate "2021.10.06"]
[SourceVersion "1"]
[SourceVersionDate "2021.10.06"]
[SourceQuality "1"]
[WhiteTeam "Unna SV II"]
[BlackTeam "Hamm SV II"]
[WhiteTeamCountry "GER"]
[BlackTeamCountry "GER"]

1. d4 d5 2. Bg5 c6 3. c3 Nd7 4. e3 Ngf6 5. Nd2 e6 6. Bd3 Be7 7. Ngf3 0-0 8. 0-0 h6 9. Bh4 Qc7 10. e4 dxe4 11. Nxe4 Qd8 12. Nxf6+ Nxf6 13. Ne5 Nd7 14. Bxe7 Qxe7 15. Qe2 Nxe5 16. Qxe5 Rd8 17. Qe4 g6 18. Qe3 Qg5 19. f4 Qf6 20. Be4 Kh7 21. Rf3 Qg7 22. Rg3 f5 23. Bc2 b6 24. Rd1 Bd7 25. Bb3 Re8 26. Qe5 Re7 27. Qe3 Rae8 28. Re1 Qf6 29. Qe5 Qxe5 30. Rxe5 Kg7 31. h4 Kf6 32. Kf2 Rg7 33. Rge3 g5 34. hxg5+ hxg5 35. fxg5+ Rxg5 36. g3 Rh5 37. g4 Rg5 38. gxf5 Rxf5+ 39. Rxf5+ Kxf5 40. Rf3+ Kg6 41. Rg3+ 1/2-1/2

[Event "Ruhrgebiet Verbandsbezirksliga Gr 1"]
[Site "Ruhrgebiet"]
[Date "2018.12.16"]
[Round "4.4"]
[White "Schreiber, Alfred"]
[Black "Rosentreter, Burkhard"]
[Result "1/2-1/2"]
[WhiteElo "1729"]
[BlackElo "1717"]
[PlyCount "27"]
[EventDate "2018.09.30"]
[EventType "team-tourn"]
[EventRounds "9"]
[EventCountry "GER"]
[SourceTitle "EXT 2022"]
[Source "ChessBase"]
[SourceDate "2021.10.06"]
[SourceVersion "1"]
[SourceVersionDate "2021.10.06"]
[SourceQuality "1"]
[WhiteTeam "Werne SK"]
[BlackTeam "Hamm SV II"]
[WhiteTeamCountry "GER"]
[BlackTeamCountry "GER"]

1. c4 e6 2. Nc3 d5 3. cxd5 exd5 4. d4 Nf6 5. Bg5 Be7 6. e3 c6 7. Nge2 Bf5 8. g3 0-0 9. Bg2 Nbd7 10. 0-0 Ne4 11. Bxe7 Qxe7 12. a3 Ndf6 13. b4 a6 14. Na4 1/2-1/2

[Event "Ruhrgebiet Verbandsklasse Gruppe 1 1718"]
[Site "Germany"]
[Date "2018.04.29"]
[Round "9.3"]
[White "Sicars, Thorsten"]
[Black "Rosentreter, Burkhard"]
[Result "1-0"]
[WhiteElo "1945"]
[BlackElo "1717"]
[PlyCount "77"]
[EventDate "2017.09.17"]
[EventType "team-tourn"]
[EventRounds "9"]
[EventCountry "GER"]
[SourceTitle "EXT 2022"]
[Source "ChessBase"]
[SourceDate "2021.10.06"]
[SourceVersion "1"]
[SourceVersionDate "2021.10.06"]
[SourceQuality "1"]
[WhiteTeam "Wattenscheid SV III"]
[BlackTeam "Hamm SV II"]
[WhiteTeamCountry "GER"]
[BlackTeamCountry "GER"]

1. d4 d5 2. Bf4 Nf6 3. e3 Bf5 4. c4 e6 5. Nc3 c6 6. Qb3 Qb6 7. c5 Qxb3 8. axb3 Nbd7 9. b4 Be7 10. f3 0-0 11. g4 Bg6 12. h4 h5 13. g5 Nh7 14. Bh3 Rfe8 15. Nge2 Nhf8 16. Rg1 Bf5 17. Bxf5 exf5 18. Kf2 g6 19. b5 Ne6 20. Bh2 Bd8 21. b6 a6 22. b4 Be7 23. Nc1 Kg7 24. Nb3 f6 25. gxf6+ Bxf6 26. Bg3 Ndf8 27. Rh1 Re7 28. b5 a5 29. bxc6 bxc6 30. Ra4 Nd7 31. Ne2 Rae8 32. Bd6 Rf7 33. Rxa5 Be7 34. Bg3 Ref8 35. Ra7 Nf6 36. Be5 Kh6 37. Nf4 Nxf4 38. Bxf4+ Kh7 39. Na5 1-0

[Event "Ruhrgebiet Verbandsklasse Gruppe 1 1718"]
[Site "Germany"]
[Date "2018.02.25"]
[Round "7.5"]
[White "Breidenbach, Rolf"]
[Black "Rosentreter, Burkhard"]
[Result "1-0"]
[WhiteElo "1861"]
[BlackElo "1723"]
[PlyCount "93"]
[EventDate "2017.09.17"]
[EventType "team-tourn"]
[EventRounds "9"]
[EventCountry "GER"]
[SourceTitle "EXT 2022"]
[Source "ChessBase"]
[SourceDate "2021.10.06"]
[SourceVersion "1"]
[SourceVersionDate "2021.10.06"]
[SourceQuality "1"]
[WhiteTeam "Waltrop SV"]
[BlackTeam "Hamm SV II"]
[WhiteTeamCountry "GER"]
[BlackTeamCountry "GER"]

1. d4 d5 2. Bf4 Nf6 3. e3 e6 4. c3 Be7 5. Nf3 0-0 6. Bd3 Nbd7 7. Nbd2 c5 8. Ne5 Qb6 9. Rb1 Bd6 10. g4 Qc7 11. g5 Ne8 12. Ndf3 c4 13. Bc2 f6 14. gxf6 Nexf6 15. Nxd7 Bxd7 16. Ne5 Be8 17. Qf3 Nh5 18. Qg4 Nxf4 19. exf4 Bxe5 20. fxe5 Qf7 21. 0-0 Bd7 22. f4 Rae8 23. Rbe1 Re7 24. Re3 Be8 25. Rh3 g6 26. Rg3 Kh8 27. h4 Qg7 28. Qg5 Rg8 29. Rff3 Rc7 30. Kf2 Qe7 31. Ke3 Qxg5 32. fxg5 Rf7 33. Rf6 Rxf6 34. exf6 Bf7 35. Kf4 Rd8 36. Bd1 Kg8 37. Bg4 Rd6 38. Rh3 Rb6 39. Rh2 a5 40. Ke5 Kf8 41. Bd1 Ke8 42. Ba4+ Kd8 43. Bd1 Kc7 44. h5 Rd6 45. hxg6 Bxg6 46. Bh5 Bf5 47. Be8 1-0

[Event "Ruhrgebiet Bezirksliga 15/16"]
[Site "Ruhrgebiet"]
[Date "2015.12.13"]
[Round "5.4"]
[White "Irlaender, Walter"]
[Black "Rosentreter, Burkhard"]
[Result "1-0"]
[WhiteElo "1833"]
[BlackElo "1725"]
[PlyCount "57"]
[EventDate "2015.08.30"]
[EventType "team-tourn"]
[EventRounds "9"]
[EventCountry "GER"]
[SourceTitle "EXT 2022"]
[Source "ChessBase"]
[SourceDate "2021.10.06"]
[SourceVersion "1"]
[SourceVersionDate "2021.10.06"]
[SourceQuality "1"]
[WhiteTeam "Unna SV"]
[BlackTeam "Hamm SVg II"]
[WhiteTeamCountry "GER"]
[BlackTeamCountry "GER"]

1. d4 d5 2. Nf3 Nf6 3. c4 e6 4. Nc3 Be7 5. e3 0-0 6. Bd3 b6 7. 0-0 Bb7 8. cxd5 Nxd5 9. e4 Nxc3 10. bxc3 c5 11. Qe2 Nc6 12. Bb2 cxd4 13. cxd4 Bf6 14. e5 Bg5 15. Nxg5 Qxg5 16. f4 Qd8 17. Qe3 Ne7 18. Rad1 Qd5 19. Rf2 Rfd8 20. Ba3 Nc6 21. Bd6 Na5 22. f5 exf5 23. Bxf5 Nc4 24. Qh3 g6 25. Be7 Re8 26. Bf6 h5 27. Qg3 Kh7 28. Qg5 Rg8 29. Qxh5# 1-0